[Event "Mitropa Cup 23th"]
[Site "Zemplinska Sirava"]
[Date "2004.05.29"]
[Round "1.2"]
[White "Mrva, Martin"]
[Black "Balogh, Csaba"]
[Result "1/2-1/2"]
[WhiteElo "2471"]
[BlackElo "2468"]
[PlyCount "59"]
[EventDate "2004.05.29"]
[EventType "team-tourn"]
[EventRounds "9"]
[EventCountry "SVK"]
[Source "ChessBase"]
[SourceDate "2004.07.06"]
[WhiteTeam "Slovakia"]
[BlackTeam "Hungary"]
[WhiteTeamCountry "SVK"]
[BlackTeamCountry "HUN"]

1. Nf3 Nf6 2. c4 e6 3. Nc3 Bb4 4. Qc2 O-O 5. a3 Bxc3 6. Qxc3 b6 7. g3 Bb7 8.
Bg2 d5 9. d3 d4 10. Qc2 e5 11. O-O Re8 12. b4 Nbd7 13. e4 c5 14. b5 Rf8 15. Bh3
Ne8 16. Qe2 Nd6 17. Bxd7 Qxd7 18. Nxe5 Qe6 19. Nf3 f5 20. Ng5 Qe7 21. e5 Nf7
22. Qh5 Nxg5 23. Bxg5 Qe6 24. Bf4 a6 25. a4 Ra7 26. Rfb1 Rfa8 27. Qd1 h6 28. h4
Re8 29. h5 Kh7 30. Qe2 1/2-1/2

[Event "Mitropa Cup 23th"]
[Site "Zemplinska Sirava"]
[Date "2004.05.29"]
[Round "1.3"]
[White "Antal, Gergely"]
[Black "Petrik, Tomas"]
[Result "1/2-1/2"]
[WhiteElo "2495"]
[BlackElo "2413"]
[PlyCount "122"]
[EventDate "2004.05.29"]
[EventType "team-tourn"]
[EventRounds "9"]
[EventCountry "SVK"]
[Source "ChessBase"]
[SourceDate "2004.07.06"]
[WhiteTeam "Hungary"]
[BlackTeam "Slovakia"]
[WhiteTeamCountry "HUN"]
[BlackTeamCountry "SVK"]

1. e4 e6 2. d4 d5 3. Nd2 c5 4. Ngf3 cxd4 5. exd5 Qxd5 6. Bc4 Qd6 7. Qe2 Nf6 8.
Nb3 Nc6 9. Bg5 Be7 10. O-O-O O-O 11. Nbxd4 Nxd4 12. Rxd4 Qc5 13. Be3 Qa5 14.
Bd2 Qb6 15. Bc3 Qc7 16. Ne5 a6 17. g4 b5 18. g5 Nd7 19. Nxd7 Bxd7 20. Bd3 Bxg5+
21. Kb1 f5 22. Rd1 Bf6 23. Rxd7 Qxd7 24. Bxf5 Qc7 25. Bxh7+ Kxh7 26. Bxf6 Qf4
27. Be5 Qf3 28. Qxf3 Rxf3 29. Bg3 Rf5 30. a3 Rd5 31. Re1 Re8 32. Re4 Kg6 33. c4
bxc4 34. Rxc4 Kf6 35. Rf4+ Ke7 36. Ra4 Ra8 37. Rg4 Kf6 38. Bh4+ Kf7 39. Bg3 Kf6
40. h4 Ra7 41. Rf4+ Rf5 42. Rb4 Rd7 43. Ka2 Rd2 44. Kb3 Rc5 45. Ka4 Rcd5 46.
Rb6 a5 47. b4 axb4 48. axb4 Rb2 49. Rb8 Rb1 50. b5 Ra1+ 51. Kb4 Rb1+ 52. Ka5
Ra1+ 53. Kb6 Rb1 54. Kc6 Rc1+ 55. Kb6 e5 56. Rb7 g6 57. Ka7 Rb1 58. b6 Ra5+ 59.
Kb8 Rab5 60. Kc7 Ke6 61. Rb8 R5b3 1/2-1/2

[Event "Mitropa Cup 23th"]
[Site "Zemplinska Sirava"]
[Date "2004.05.29"]
[Round "1.4"]
[White "Pinter, Erik"]
[Black "Erdos, Viktor"]
[Result "1/2-1/2"]
[WhiteElo "2410"]
[BlackElo "2473"]
[PlyCount "62"]
[EventDate "2004.05.29"]
[EventType "team-tourn"]
[EventRounds "9"]
[EventCountry "SVK"]
[Source "ChessBase"]
[SourceDate "2004.07.06"]
[WhiteTeam "Slovakia"]
[BlackTeam "Hungary"]
[WhiteTeamCountry "SVK"]
[BlackTeamCountry "HUN"]

1. e4 e6 2. d4 d5 3. Nc3 dxe4 4. Nxe4 Nd7 5. Nf3 Ngf6 6. Nxf6+ Nxf6 7. c3 c5 8.
Ne5 a6 9. Qa4+ Nd7 10. Be3 Qc7 11. Rd1 cxd4 12. Nxd7 Bxd7 13. Qxd4 Bc6 14. f3
Rd8 15. Qxd8+ Qxd8 16. Rxd8+ Kxd8 17. Bb6+ Ke8 18. Bd3 Bd6 19. Ke2 Ke7 20. a3
Be5 21. Bc5+ Kd7 22. Bd4 Bxd4 23. cxd4 Rc8 24. Kd2 Bd5 25. Rc1 Rxc1 26. Kxc1 h6
27. Kd2 g5 28. Ke3 Kd6 29. g3 f5 30. f4 g4 31. Bf1 Bc6 1/2-1/2

[Event "Mitropa Cup 23th"]
[Site "Zemplinska Sirava"]
[Date "2004.05.30"]
[Round "2.1"]
[White "Jankovic, Alojzije"]
[Black "Mikhalchishin, Adrian"]
[Result "0-1"]
[WhiteElo "2444"]
[BlackElo "2527"]
[PlyCount "70"]
[EventDate "2004.05.29"]
[EventType "team-tourn"]
[EventRounds "9"]
[EventCountry "SVK"]
[Source "ChessBase"]
[SourceDate "2004.07.06"]
[WhiteTeam "Croatia"]
[BlackTeam "Slovenia"]
[WhiteTeamCountry "CRO"]
[BlackTeamCountry "SLO"]

1. d4 d5 2. c4 dxc4 3. e3 e6 4. Bxc4 c5 5. Nf3 a6 6. O-O Nf6 7. Bb3 Nc6 8. Nc3
b5 9. a3 Bb7 10. Re1 Be7 11. Bc2 O-O 12. Ne4 Nxe4 13. Bxe4 f5 14. Bc2 cxd4 15.
exd4 Bf6 16. Be3 Na5 17. Bd2 Nc4 18. Bc3 Re8 19. Bb3 Rc8 20. a4 Qb6 21. axb5
axb5 22. Qe2 Bd5 23. Bxc4 Rxc4 24. Ne5 Bxe5 25. dxe5 b4 26. Bd2 Rc2 27. b3 Qd4
28. Red1 Bxb3 29. Qe1 Bd5 30. Be3 Qg4 31. Qf1 b3 32. h3 Qg6 33. Ra7 b2 34. Rb1
Rec8 35. Ra4 Rc1 0-1

[Event "Mitropa Cup 23th"]
[Site "Zemplinska Sirava"]
[Date "2004.05.30"]
[Round "2.3"]
[White "Kuljasevic, Davorin"]
[Black "Lenic, Luka"]
[Result "1/2-1/2"]
[WhiteElo "2408"]
[BlackElo "2374"]
[PlyCount "92"]
[EventDate "2004.05.29"]
[EventType "team-tourn"]
[EventRounds "9"]
[EventCountry "SVK"]
[Source "ChessBase"]
[SourceDate "2004.07.06"]
[WhiteTeam "Croatia"]
[BlackTeam "Slovenia"]
[WhiteTeamCountry "CRO"]
[BlackTeamCountry "SLO"]

1. d4 Nf6 2. Nf3 g6 3. g3 Bg7 4. Bg2 O-O 5. c4 d6 6. Nc3 Nc6 7. O-O a6 8. d5
Na5 9. Nd2 c5 10. Qc2 Rb8 11. b3 b5 12. Rb1 e5 13. cxb5 axb5 14. b4 Bf5 15. e4
cxb4 16. Rxb4 Bd7 17. Qb1 Qe8 18. Bf3 Bh6 19. Be2 Qc8 20. Nf3 Qxc3 21. Bxh6
Rfc8 22. Bd2 Qa3 23. Ne1 Nb7 24. f4 Qa7+ 25. Kg2 Ne8 26. fxe5 dxe5 27. Nd3 f6
28. Bh6 Ra8 29. a4 Nbd6 30. Nxe5 bxa4 31. Ng4 Rcb8 32. Nxf6+ Nxf6 33. Rxf6 Nf7
34. Rxf7 Kxf7 35. Qf1+ Kg8 36. Rxb8+ Rxb8 37. Qf6 Bf5 38. exf5 Qf7 39. Qxf7+
Kxf7 40. fxg6+ hxg6 41. d6 Rb2 42. Kf3 Ke6 43. Bf4 a3 44. Bc4+ Kd7 45. h4 a2
46. Bxa2 Rxa2 1/2-1/2

[Event "Mitropa Cup 23th"]
[Site "Zemplinska Sirava"]
[Date "2004.05.30"]
[Round "2.4"]
[White "Sakelsek, Tadej"]
[Black "Saric, Ante"]
[Result "1/2-1/2"]
[WhiteElo "2374"]
[BlackElo "2393"]
[PlyCount "92"]
[EventDate "2004.05.29"]
[EventType "team-tourn"]
[EventRounds "9"]
[EventCountry "SVK"]
[Source "ChessBase"]
[SourceDate "2004.07.06"]
[WhiteTeam "Slovenia"]
[BlackTeam "Croatia"]
[WhiteTeamCountry "SLO"]
[BlackTeamCountry "CRO"]

1. e4 e5 2. Nf3 Nf6 3. Nxe5 d6 4. Nf3 Nxe4 5. d4 d5 6. Bd3 Be7 7. O-O Nc6 8. c4
Nb4 9. Be2 O-O 10. Nc3 b6 11. a3 Nxc3 12. bxc3 Nc6 13. cxd5 Qxd5 14. Bf4 Qd8
15. Re1 Bb7 16. Bd3 Bf6 17. Qc2 g6 18. Be4 Qc8 19. Re2 Ne7 20. Rae1 Nd5 21. Bh6
Bg7 22. Bxg7 Kxg7 23. c4 Nf4 24. Re3 Bxe4 25. Qxe4 Ne6 26. Ne5 c5 27. d5 Nd4
28. Ng4 Qf5 29. Qxf5 Nxf5 30. R3e2 Nd6 31. Ne5 Rfe8 32. a4 Re7 33. Kf1 Rae8 34.
Nc6 Rxe2 35. Rxe2 Kf8 36. Nxa7 Nxc4 37. Nb5 Rxe2 38. Kxe2 Ke7 39. Kd3 Nd6 40.
Nxd6 Kxd6 41. Kc4 g5 42. f3 f5 43. g3 h6 44. f4 g4 45. Kb5 h5 46. Kc4 Kd7
1/2-1/2

[Event "Mitropa Cup 23th"]
[Site "Zemplinska Sirava"]
[Date "2004.05.30"]
[Round "2.1"]
[White "Babula, Vlastimil"]
[Black "Varga, Zoltan"]
[Result "1-0"]
[WhiteElo "2584"]
[BlackElo "2564"]
[PlyCount "95"]
[EventDate "2004.05.29"]
[EventType "team-tourn"]
[EventRounds "9"]
[EventCountry "SVK"]
[Source "ChessBase"]
[SourceDate "2004.07.06"]
[WhiteTeam "Czech Republic"]
[BlackTeam "Hungary"]
[WhiteTeamCountry "CZE"]
[BlackTeamCountry "HUN"]

1. e4 e5 2. Nf3 Nc6 3. d4 exd4 4. Nxd4 Bc5 5. Be3 Nxd4 6. Bxd4 Bxd4 7. Qxd4 Qf6
8. e5 Qb6 9. Qxb6 axb6 10. Nc3 f6 11. f4 fxe5 12. fxe5 Ra5 13. Nb5 Kd8 14. b4
Ra4 15. a3 Nh6 16. Bc4 Ng4 17. Bb3 Ra8 18. e6 dxe6 19. O-O-O+ Ke7 20. Rhe1 c6
21. Nd6 Rxa3 22. Nxc8+ Rxc8 23. Rxe6+ Kf8 24. Kb2 Rxb3+ 25. Kxb3 Nf6 26. c4 Kf7
27. Re5 h6 28. h3 Kf8 29. Rd4 Kf7 30. g4 Rc7 31. Rd8 Kg6 32. Kc3 Kf7 33. Kd3
Kg6 34. Ke2 Rf7 35. Rd6 Rc7 36. h4 Kh7 37. Kf3 Rf7 38. Kg3 Nd7 39. Ree6 Nf8 40.
Re4 h5 41. Rf4 Rxf4 42. Kxf4 Ng6+ 43. Kg5 Ne5 44. Re6 Nxg4 45. Kxh5 Nf2 46. b5
Nd3 47. Kg5 Nb4 48. Re7 1-0

[Event "Mitropa Cup 23th"]
[Site "Zemplinska Sirava"]
[Date "2004.05.30"]
[Round "2.2"]
[White "Horvath, Adam"]
[Black "Laznicka, Viktor"]
[Result "1-0"]
[WhiteElo "2517"]
[BlackElo "2450"]
[PlyCount "77"]
[EventDate "2004.05.29"]
[EventType "team-tourn"]
[EventRounds "9"]
[EventCountry "SVK"]
[Source "ChessBase"]
[SourceDate "2004.07.06"]
[WhiteTeam "Hungary"]
[BlackTeam "Czech Republic"]
[WhiteTeamCountry "HUN"]
[BlackTeamCountry "CZE"]

1. e4 e6 2. d4 d5 3. Nc3 dxe4 4. Nxe4 Nd7 5. Nf3 Ngf6 6. Bg5 Be7 7. Bxf6 Nxf6
8. Nxf6+ Bxf6 9. Qd2 c5 10. O-O-O cxd4 11. Qb4 Qe7 12. Bb5+ Kf8 13. Qa4 g6 14.
Rhe1 Kg7 15. Ne5 Qc5 16. f4 a6 17. Bd3 Rd8 18. Qb3 Ra7 19. Be4 a5 20. Qg3 a4
21. a3 Ra5 22. Bd3 Bxe5 23. Rxe5 Qc7 24. h4 Rdd5 25. Rde1 f6 26. R5e4 b5 27.
Qf2 Qb6 28. Qd2 Ra7 29. g4 Qd6 30. g5 Rf7 31. gxf6+ Rxf6 32. Re5 Rf7 33. h5
Rxe5 34. fxe5 Qf8 35. hxg6 Rf2 36. Qa5 hxg6 37. Rg1 Qf4+ 38. Kb1 Bd7 39. Qd8
1-0

[Event "Mitropa Cup 23th"]
[Site "Zemplinska Sirava"]
[Date "2004.05.30"]
[Round "2.3"]
[White "Jirka, Jiri"]
[Black "Balogh, Csaba"]
[Result "0-1"]
[WhiteElo "2408"]
[BlackElo "2468"]
[PlyCount "80"]
[EventDate "2004.05.29"]
[EventType "team-tourn"]
[EventRounds "9"]
[EventCountry "SVK"]
[Source "ChessBase"]
[SourceDate "2004.07.06"]
[WhiteTeam "Czech Republic"]
[BlackTeam "Hungary"]
[WhiteTeamCountry "CZE"]
[BlackTeamCountry "HUN"]

1. d4 Nf6 2. c4 e6 3. g3 d5 4. Bg2 dxc4 5. Nf3 c6 6. Ne5 b5 7. a4 Nd5 8. O-O
Bb7 9. b3 cxb3 10. Qxb3 b4 11. Bb2 Be7 12. Nd2 Nd7 13. e4 N5f6 14. a5 Nxe5 15.
dxe5 Nd7 16. Nc4 Ba6 17. Rfd1 Bxc4 18. Qxc4 Qc7 19. f4 O-O 20. Bh3 Kh8 21. Rd2
Rfd8 22. Rad1 c5 23. Bxe6 fxe6 24. Qxe6 Nf8 25. Qc4 Qxa5 26. f5 Rxd2 27. Rxd2
Bg5 28. Rd5 a6 29. e6 Qb5 30. Qc2 Be3+ 31. Kg2 b3 32. Qd1 Qc4 33. Kf3 Bg5 34.
h4 Be7 35. e5 Nxe6 36. fxe6 Rf8+ 37. Kg2 Qe4+ 38. Kh3 Qf5+ 39. Qg4 Qf1+ 40. Kh2
Rf2# 0-1

[Event "Mitropa Cup 23th"]
[Site "Zemplinska Sirava"]
[Date "2004.05.30"]
[Round "2.4"]
[White "Erdos, Viktor"]
[Black "Sikorova, Olga"]
[Result "0-1"]
[WhiteElo "2473"]
[BlackElo "2275"]
[PlyCount "138"]
[EventDate "2004.05.29"]
[EventType "team-tourn"]
[EventRounds "9"]
[EventCountry "SVK"]
[Source "ChessBase"]
[SourceDate "2004.07.06"]
[WhiteTeam "Hungary"]
[BlackTeam "Czech Republic"]
[WhiteTeamCountry "HUN"]
[BlackTeamCountry "CZE"]

1. d4 Nf6 2. c4 e6 3. Nc3 Bb4 4. Qc2 d5 5. cxd5 Qxd5 6. e3 c5 7. Bd2 Bxc3 8.
Bxc3 cxd4 9. Bxd4 Nc6 10. Bc3 Bd7 11. Nf3 Rc8 12. a3 Ne7 13. Be2 O-O 14. O-O
Bb5 15. Rad1 Qh5 16. Bxb5 Qxb5 17. e4 Qc6 18. Rfe1 Ng6 19. Nd4 Qc4 20. f3 Rfd8
21. Qe2 Qc5 22. Qe3 h6 23. Nc2 Qxe3+ 24. Nxe3 Nd7 25. Rd2 Nc5 26. Red1 Rxd2 27.
Rxd2 Na4 28. Bb4 Ne5 29. b3 Rc1+ 30. Rd1 Rxd1+ 31. Nxd1 Nb6 32. Nb2 f6 33. Bc3
Ned7 34. Nd3 e5 35. Kf2 Kf7 36. Ke3 Ke6 37. Bb4 a6 38. a4 h5 39. f4 g5 40. f5+
Kf7 41. h4 gxh4 42. Be1 Nc8 43. Bxh4 Ne7 44. Kd2 Nc6 45. Bf2 Ke7 46. Kc3 Kd6
47. Nb2 Nd8 48. Nc4+ Kc6 49. b4 Nf7 50. Kd3 Ng5 51. Bh4 b5 52. axb5+ Kxb5 53.
Ne3 Kxb4 54. Nd5+ Kb3 55. Nxf6 Nc5+ 56. Ke2 Ngxe4 57. Nxe4 Nxe4 58. Kf3 Nd6 59.
Bf6 e4+ 60. Kf4 Kc4 61. Bd8 Kd5 62. Ba5 e3 63. Kxe3 Nc4+ 64. Kf4 Nxa5 65. Kg5
Nc4 66. Kxh5 Ke5 67. g4 Nd6 68. Kg6 a5 69. f6 a4 0-1

[Event "Mitropa Cup 23th"]
[Site "Zemplinska Sirava"]
[Date "2004.05.30"]
[Round "2.1"]
[White "Prusikin, Michael"]
[Black "Maze, Sebastien"]
[Result "1/2-1/2"]
[WhiteElo "2518"]
[BlackElo "2486"]
[PlyCount "55"]
[EventDate "2004.05.29"]
[EventType "team-tourn"]
[EventRounds "9"]
[EventCountry "SVK"]
[Source "ChessBase"]
[SourceDate "2004.07.06"]
[WhiteTeam "Germany"]
[BlackTeam "France"]
[WhiteTeamCountry "GER"]
[BlackTeamCountry "FRA"]

1. Nf3 Nf6 2. c4 e6 3. g3 d5 4. Bg2 dxc4 5. Qa4+ Nbd7 6. Qxc4 c5 7. O-O a6 8.
Qc2 b5 9. b3 Bb7 10. Bb2 Rc8 11. d3 Bd6 12. Nbd2 O-O 13. Rfc1 Qb6 14. Qd1 Rfd8
15. Qf1 Nd5 16. a3 Be7 17. Rc2 Bf6 18. Bxf6 N5xf6 19. Qc1 Rc7 20. Qb2 Rdc8 21.
Rac1 h6 22. Ne5 Nxe5 23. Qxe5 Bxg2 24. Kxg2 c4 25. dxc4 Qxf2+ 26. Kxf2 Ng4+ 27.
Ke1 Nxe5 28. c5 1/2-1/2

[Event "Mitropa Cup 23th"]
[Site "Zemplinska Sirava"]
[Date "2004.05.30"]
[Round "2.1"]
[White "Manik, Mikulas"]
[Black "Gerber, Richard"]
[Result "1-0"]
[WhiteElo "2491"]
[BlackElo "2414"]
[PlyCount "117"]
[EventDate "2004.05.29"]
[EventType "team-tourn"]
[EventRounds "9"]
[EventCountry "SVK"]
[Source "ChessBase"]
[SourceDate "2004.07.06"]
[WhiteTeam "Slovakia"]
[BlackTeam "Switzerland"]
[WhiteTeamCountry "SVK"]
[BlackTeamCountry "SUI"]

1. e4 c5 2. Nf3 d6 3. d4 cxd4 4. Nxd4 Nf6 5. Nc3 g6 6. Be3 Bg7 7. f3 O-O 8. Qd2
Nc6 9. O-O-O Nxd4 10. Bxd4 Be6 11. Kb1 Qc7 12. h4 Rfc8 13. h5 Qa5 14. h6 Bh8
15. a3 Rab8 16. Ne2 Qxd2 17. Rxd2 b6 18. Nf4 Nd7 19. Bb5 Bxd4 20. Nxe6 Be3 21.
Re2 Nc5 22. Rxe3 Nxe6 23. Bd7 Rc7 24. Bxe6 fxe6 25. f4 Rf8 26. Rf3 Rc4 27. Re1
Rfc8 28. c3 a5 29. f5 gxf5 30. exf5 e5 31. f6 Kf7 32. fxe7+ Kxe7 33. Ref1 Rf4
34. Rxf4 exf4 35. Rxf4 Rg8 36. Rf5 Rxg2 37. Rb5 Rh2 38. Rxb6 Rxh6 39. Rb5 a4
40. Rb4 Rh1+ 41. Ka2 h5 42. Rxa4 h4 43. Rd4 Kd7 44. b4 Kc6 45. a4 h3 46. Rh4 h2
47. Kb2 d5 48. Rh6+ Kb7 49. a5 d4 50. cxd4 Rd1 51. Rxh2 Rxd4 52. Kb3 Rg4 53.
Rh7+ Kc6 54. Ka4 Rf4 55. Rh6+ Kb7 56. a6+ Ka7 57. Ka5 Rf7 58. b5 Rg7 59. b6+
1-0

[Event "Mitropa Cup 23th"]
[Site "Zemplinska Sirava"]
[Date "2004.05.30"]
[Round "2.4"]
[White "Masserey, Yvan"]
[Black "Pinter, Erik"]
[Result "1-0"]
[WhiteElo "2325"]
[BlackElo "2410"]
[PlyCount "81"]
[EventDate "2004.05.29"]
[EventType "team-tourn"]
[EventRounds "9"]
[EventCountry "SVK"]
[Source "ChessBase"]
[SourceDate "2004.07.06"]
[WhiteTeam "Switzerland"]
[BlackTeam "Slovakia"]
[WhiteTeamCountry "SUI"]
[BlackTeamCountry "SVK"]

1. e4 c5 2. Nf3 d6 3. d4 cxd4 4. Nxd4 Nf6 5. Nc3 g6 6. Be3 Bg7 7. f3 O-O 8. Qd2
Nc6 9. Bc4 Bd7 10. O-O-O Rc8 11. Bb3 Ne5 12. Kb1 Nc4 13. Bxc4 Rxc4 14. g4 Qb8
15. Nde2 Be6 16. Bh6 b5 17. Bxg7 Kxg7 18. Nd4 Rfc8 19. Nce2 Bd7 20. Ng3 R4c5
21. Qe3 Kh8 22. Rd2 Qc7 23. Rc1 a5 24. h4 Rg8 25. g5 Nh5 26. Nxh5 gxh5 27. f4
Bg4 28. f5 e5 29. Ne2 b4 30. Ng3 a4 31. f6 a3 32. b3 Rc8 33. Nf5 Rc3 34. Qe1
Bxf5 35. exf5 Rh3 36. Rd3 Rh2 37. c4 Qc6 38. Rd5 Qb6 39. c5 Rxc5 40. Rcxc5 dxc5
41. Qxe5 1-0

[Event "Mitropa Cup 23th"]
[Site "Zemplinska Sirava"]
[Date "2004.05.31"]
[Round "3.1"]
[White "Balinov, Ilija"]
[Black "Manik, Mikulas"]
[Result "0-1"]
[WhiteElo "2382"]
[BlackElo "2491"]
[PlyCount "116"]
[EventDate "2004.05.29"]
[EventType "team-tourn"]
[EventRounds "9"]
[EventCountry "SVK"]
[Source "ChessBase"]
[SourceDate "2004.07.06"]
[WhiteTeam "Austria"]
[BlackTeam "Slovakia"]
[WhiteTeamCountry "AUT"]
[BlackTeamCountry "SVK"]

1. e4 c5 2. Nf3 d6 3. d4 cxd4 4. Nxd4 Nf6 5. Nc3 Nc6 6. Bg5 e6 7. Qd2 a6 8.
O-O-O Bd7 9. f3 Rc8 10. Kb1 Be7 11. h4 h6 12. Be3 h5 13. Nxc6 Bxc6 14. Ne2 b5
15. Bg5 Qb6 16. Qe1 Bb7 17. Nf4 Qc7 18. Bd3 e5 19. Bxf6 Bxf6 20. Nd5 Bxd5 21.
exd5 Qe7 22. g3 Rc5 23. Qe4 g6 24. Rhe1 Bg7 25. a4 f5 26. Qb4 O-O 27. axb5 axb5
28. g4 hxg4 29. fxg4 Ra8 30. gxf5 Qa7 31. c3 e4 32. Rxe4 Bxc3 33. Re8+ Rxe8 34.
bxc3 Ra8 35. Qb2 Qa5 36. fxg6 Rxc3 37. Bf5 Qa3 38. Qxa3 Rcxa3 39. h5 Ra1+ 40.
Kc2 R8a2+ 41. Kb3 Rxd1 42. Kxa2 Kg7 43. Be6 Rd3 44. Bf7 Rh3 45. Kb2 Rxh5 46.
Kb3 Rh4 47. Be8 Rf4 48. Kc3 Kf6 49. Bf7 Rc4+ 50. Kb3 Rg4 51. Kc3 Ke7 52. Kb3
Kd8 53. Be6 Rxg6 54. Kb4 Rxe6 55. dxe6 Ke7 56. Kxb5 Kxe6 57. Kc4 Ke5 58. Kd3
Kd5 0-1

[Event "Mitropa Cup 23th"]
[Site "Zemplinska Sirava"]
[Date "2004.05.31"]
[Round "3.2"]
[White "Plachetka, Jan"]
[Black "Kuba, Guenter"]
[Result "1/2-1/2"]
[WhiteElo "2448"]
[BlackElo "2339"]
[PlyCount "67"]
[EventDate "2004.05.29"]
[EventType "team-tourn"]
[EventRounds "9"]
[EventCountry "SVK"]
[Source "ChessBase"]
[SourceDate "2004.07.06"]
[WhiteTeam "Slovakia"]
[BlackTeam "Austria"]
[WhiteTeamCountry "SVK"]
[BlackTeamCountry "AUT"]

1. Nf3 Nc6 2. d4 d5 3. Bf4 Bg4 4. Nbd2 e6 5. e3 Bd6 6. Bg3 Nge7 7. Be2 O-O 8.
O-O Nf5 9. c4 Nxg3 10. hxg3 dxc4 11. Nxc4 Qe7 12. Rc1 Rfd8 13. Ne1 Bxe2 14.
Qxe2 e5 15. dxe5 Bxe5 16. Nd3 Bf6 17. Nf4 Rd7 18. Qf3 Rad8 19. a3 b5 20. Qxc6
bxc4 21. Rxc4 Bxb2 22. a4 g6 23. e4 Rd4 24. Nd5 Qe5 25. Rxd4 Qxd4 26. Qc2 Kg7
27. Rb1 Ba3 28. Qxc7 Qxe4 29. Qc3+ Kh6 30. Re1 Qxd5 31. Qxa3 Kg7 32. a5 a6 33.
Rb1 Rc8 34. Qb2+ 1/2-1/2

[Event "Mitropa Cup 23th"]
[Site "Zemplinska Sirava"]
[Date "2004.05.31"]
[Round "3.3"]
[White "Ragger, Markus"]
[Black "Petrik, Tomas"]
[Result "1-0"]
[WhiteElo "2365"]
[BlackElo "2413"]
[PlyCount "71"]
[EventDate "2004.05.29"]
[EventType "team-tourn"]
[EventRounds "9"]
[EventCountry "SVK"]
[Source "ChessBase"]
[SourceDate "2004.07.06"]
[WhiteTeam "Austria"]
[BlackTeam "Slovakia"]
[WhiteTeamCountry "AUT"]
[BlackTeamCountry "SVK"]

1. e4 e6 2. d4 d5 3. Nc3 Bb4 4. Nge2 dxe4 5. a3 Be7 6. Nxe4 Nf6 7. N2g3 Nbd7 8.
Bd3 b6 9. O-O O-O 10. c4 Bb7 11. Qc2 h6 12. Rd1 Nxe4 13. Nxe4 Nf6 14. Nc3 a6
15. h3 Qc8 16. Bf4 Rd8 17. Rac1 c5 18. d5 Bd6 19. Be3 exd5 20. Nxd5 Bxd5 21.
cxd5 Qb7 22. Be2 Re8 23. Bf3 Qd7 24. Bd2 Rad8 25. b4 Rc8 26. Qd3 b5 27. bxc5
Bxc5 28. Bc3 Qd6 29. Bb2 Red8 30. Qf5 Qb6 31. Kh1 Rc7 32. Be5 Rcc8 33. d6 Nd7
34. Bb2 Rb8 35. Bd5 Nf6 36. Rxc5 1-0

[Event "Mitropa Cup 23th"]
[Site "Zemplinska Sirava"]
[Date "2004.05.31"]
[Round "3.4"]
[White "Pinter, Erik"]
[Black "Pilaj, Herwig"]
[Result "1-0"]
[WhiteElo "2410"]
[BlackElo "2389"]
[PlyCount "91"]
[EventDate "2004.05.29"]
[EventType "team-tourn"]
[EventRounds "9"]
[EventCountry "SVK"]
[Source "ChessBase"]
[SourceDate "2004.07.06"]
[WhiteTeam "Slovakia"]
[BlackTeam "Austria"]
[WhiteTeamCountry "SVK"]
[BlackTeamCountry "AUT"]

1. e4 c5 2. Nf3 e6 3. d4 cxd4 4. Nxd4 a6 5. Bd3 Bc5 6. Nb3 Ba7 7. Qe2 Nc6 8.
Be3 d6 9. Bxa7 Rxa7 10. O-O Nge7 11. f4 Ng6 12. Nc3 b5 13. Qe3 Rd7 14. Ne2 Bb7
15. a4 b4 16. a5 O-O 17. f5 Nge5 18. f6 Ng4 19. Qh3 Nxf6 20. Rf4 Ne5 21. Raf1
Kh8 22. Ng3 Ng6 23. Rxf6 gxf6 24. Nh5 f5 25. exf5 exf5 26. Bxf5 Rc7 27. Bd3 Qh4
28. Qf5 Bc8 29. Qf6+ Qxf6 30. Nxf6 Re7 31. Nd5 Re5 32. Nxb4 Be6 33. Nxa6 Bxb3
34. cxb3 Rxa5 35. b4 Rd5 36. Bc4 Rd2 37. Rf2 Rd4 38. Bf1 Ne5 39. b5 Re8 40. b6
Re7 41. Nc7 Rd1 42. Re2 Nc6 43. Rxe7 Nxe7 44. b7 Nc6 45. Na6 Re1 46. b4 1-0

[Event "Mitropa Cup 23th"]
[Site "Zemplinska Sirava"]
[Date "2004.05.31"]
[Round "3.2"]
[White "Brkic, Ante"]
[Black "Guidarelli, Laurent"]
[Result "1/2-1/2"]
[WhiteElo "2427"]
[BlackElo "2444"]
[PlyCount "102"]
[EventDate "2004.05.29"]
[EventType "team-tourn"]
[EventRounds "9"]
[EventCountry "SVK"]
[Source "ChessBase"]
[SourceDate "2004.07.06"]
[WhiteTeam "Croatia"]
[BlackTeam "France"]
[WhiteTeamCountry "CRO"]
[BlackTeamCountry "FRA"]

1. e4 c5 2. Nf3 d6 3. d4 cxd4 4. Nxd4 Nf6 5. Nc3 a6 6. Bg5 e6 7. f4 Qc7 8. Qf3
Nc6 9. O-O-O Bd7 10. Nxc6 bxc6 11. Bc4 Be7 12. Rhe1 e5 13. Bxf6 Bxf6 14. fxe5
dxe5 15. Rd3 O-O 16. Red1 Rfd8 17. Na4 Be8 18. Rxd8 Rxd8 19. Rxd8 Qxd8 20. Qd3
a5 21. Qxd8 Bxd8 22. c3 Kf8 23. b4 Ke7 24. Kd2 f6 25. Nb2 Bg6 26. Bd3 Bf7 27.
a3 Bb6 28. Nc4 Bxc4 29. Bxc4 g6 30. Bd3 h5 31. Kc2 h4 32. Kb3 Kd6 33. Ka4 axb4
34. cxb4 Kc7 35. Bc4 f5 36. Bd3 f4 37. Kb3 f3 38. gxf3 h3 39. Kc4 Bg1 40. Bf1
Bxh2 41. Bxh3 g5 42. a4 Bg1 43. a5 Bf2 44. Bf5 Be1 45. Bg6 Bd2 46. Be8 Be1 47.
a6 Kb6 48. b5 cxb5+ 49. Kd5 Bg3 50. Bxb5 Bh2 51. Bf1 Bf4 1/2-1/2

[Event "Mitropa Cup 23th"]
[Site "Zemplinska Sirava"]
[Date "2004.05.31"]
[Round "3.2"]
[White "Laznicka, Viktor"]
[Black "Papa, Severin"]
[Result "1-0"]
[WhiteElo "2450"]
[BlackElo "2405"]
[PlyCount "71"]
[EventDate "2004.05.29"]
[EventType "team-tourn"]
[EventRounds "9"]
[EventCountry "SVK"]
[Source "ChessBase"]
[SourceDate "2004.07.06"]
[WhiteTeam "Czech Republic"]
[BlackTeam "Switzerland"]
[WhiteTeamCountry "CZE"]
[BlackTeamCountry "SUI"]

1. e4 c5 2. Nf3 Nc6 3. d4 cxd4 4. Nxd4 Nf6 5. Nc3 e5 6. Ndb5 d6 7. Bg5 a6 8.
Na3 b5 9. Bxf6 gxf6 10. Nd5 f5 11. c3 Bg7 12. exf5 Bxf5 13. Nc2 O-O 14. Nce3
Be6 15. Bd3 f5 16. O-O Ra7 17. a4 Ne7 18. Nxe7+ Rxe7 19. axb5 axb5 20. Bc2 Kh8
21. Bb3 d5 22. Bxd5 Rd7 23. Bxe6 Rxd1 24. Rfxd1 Qb6 25. Bxf5 b4 26. Be4 bxc3
27. bxc3 Qb2 28. Nf5 Bf6 29. c4 Rd8 30. h3 Rxd1+ 31. Rxd1 Qe2 32. Rb1 Bd8 33.
Rb8 Qd1+ 34. Kh2 Qd7 35. c5 h5 36. Nd6 1-0